100 Punk Bands By Album - Statistics

General Stats
  • This quiz has been taken 83 times
    36 since last reset
  • The average score is 34 of 100
Answer Stats
Album Band % Correct
Dookie Green Day
100%
Never Mind The Bollocks, Here's... Sex Pistols
100%
Rocket To Russia Ramones
96%
London Calling The Clash
96%
Damaged Black Flag
86%
Fresh Fruit For Rotting Vegetables Dead Kennedys
79%
Milo Goes To College Descendents
79%
...And Out Come The Wolves Rancid
79%
No Control Bad Religion
75%
Enema Of The State Blink-182
75%
Group Sex Circle Jerks
71%
Punk In Drublic NOFX
71%
13 Songs Fugazi
68%
Walk Among Us Misfits
68%
The Black Parade My Chemical Romance
68%
Damned Damned Damned The Damned
68%
Americana The Offspring
68%
Raw Power The Stooges
68%
Black Dots Bad Brains
61%
GI The Germs
61%
Los Angeles X
61%
Unknown Pleasures Joy Division
57%
The First Two Seven Inches Minor Threat
57%
Hitler Bad, Vandals Good The Vandals
57%
Zen Arcade Hüsker Dü
54%
All Killer No Filler Sum 41
54%
Pink Flag Wire
54%
Singles Going Steady Buzzcocks
50%
Cropduster Adolescents
43%
The Shape Of Punk To Come Refused
43%
Germ Free Adolescents X-Ray Spex
43%
The General Strike Anti-Flag
39%
Land Of The Free? Pennywise
39%
Rites Of Spring Rites Of Spring
39%
Fuck The System The Exploited
39%
Reinventing Axl Rose Against Me!
36%
Victim In Pain Agnostic Front
36%
We Are... The League Anti-Nowhere League
36%
The Record Fear
32%
Double Nickels on the Dime Minutemen
32%
Tragic Kingdom No Doubt
32%
Energy Operation Ivy
32%
Mommy's Little Monster Social Distortion
32%
Join The Army Suicidal Tendencies
32%
DECEMBERUNDERGROUND AFI
29%
Kiss Me Deadly Generation X
29%
The Young and The Hopeless Good Charlotte
29%
Start Today Gorilla Biscuits
29%
Coral Fang The Distillers
29%
Mass Nerder All
25%
Box Car Racer Box Car Racer
25%
Embrace Embrace
25%
Another Kind of Blues U.K Subs
25%
When Your Heart Stops Building +44
21%
The Age of Quarrel Cro-Mags
21%
The Warrior's Code Dropkick Murphys
21%
City Baby Attacked By Rats GBH
21%
Let's Talk About Feelings Lagwagon
21%
Set it Off Madball
21%
Sticks And Stones New Found Glory
21%
A Collection of Pop Classics Reagan Youth
21%
GLOW ON Turnstile
21%
So Wrong, It's Right All Time Low
18%
Hello Rockview Less Than Jake
18%
Life On A Plate Millencolin
18%
How To Clean Everything Propagandhi
18%
Boogadaboogadaboogada! Screeching Weasel
18%
Pleasant Screams The Queers
18%
Floral Green Title Fight
18%
Break Down The Walls Youth Of Today
18%
Set Your Goals CIV
14%
F.T.T.W. H2O
14%
Slip Quicksand
14%
Turn The Radio Off Reel Big Fish
14%
The Day the Country Died Subhumans
14%
Diary Sunny Day Real Estate
14%
Can I Say Dag Nasty
11%
No Spiritual Surrender Inside Out
11%
Nonstop Sick Of It All
11%
On The Front Line The Casualties
11%
In Love and Death The Used
11%
Change Today T.S.O.L
11%
Hated in The Nation GG Allin
7%
Hang-Ups Goldfinger
7%
Riches to Rags RKL
7%
It's Not Getting Any Simple Plan
7%
Fight The Good Fight The Interrupters
7%
Forever True Earth Crisis
4%
Viking Lars Frederiksen and the Bastards
4%
Big Daddy Multitude Mustard Plug
4%
Life In General MxPx
4%
Out Of Bounds No Fun At All
4%
Punk Rock Harbour The Baboon Show
4%
Spy Rock Road The Lookouts
4%
Destruction By Definition The Suicide Machines
4%
Back At The Laundromat U.S Bombs
4%
Duct Tape Soup Crimpshrine
0%
Turf Wars Daggermouth
0%
The New Chaos LOCKED SHUT
0%
Survival Sickness The (International) Noise Conspiracy
0%
No matching quizzes found
Score Distribution
Percent of People with Each Score
Percentile by Number Answered
Your Score History
You have not taken this quiz since the last reset